| 000 | 00000nam 2200000za 4500 |
| 001 | 9.846996 |
| 003 | CaOODSP |
| 005 | 20221107153335 |
| 007 | cr ||||||||||| |
| 008 | 171110r19921989onc |o f|0| 0 eng d |
| 040 | |aCaOODSP|beng |
| 043 | |an-cn--- |
| 086 | 1 |aCS11-0019/24E-PDF |
| 100 | 1 |aJohnson, Richard. |
| 245 | 10|aMainframe SAS enhancements in support of exploratory data analysis |h[electronic resource] / |cby Richard Johnson, Jane F. Gentleman, and Monica Tomiak. |
| 260 | |a[Ottawa] : |bStatistics Canada, |c1989, revised 1992. |
| 300 | |a[66] p. |
| 490 | 0 |aResearch paper series ; |vno. 24 |
| 500 | |aIssued also in French under title: Améliorations apportées au SAS de l'ordinateur central en vue de faciliter l'analyse exploratoire des données. |
| 500 | |aDigitized edition from print [produced by Statistics Canada]. |
| 504 | |aIncludes bibliographic references. |
| 520 | |a"This document is a manual describing computer software developed for exploratory data analysis at Statistics Canada. The software comprises a collection of SAS functions and macros, with heavy emphasis on graphics."--Abstract. |
| 692 | 07|2gccst|aSofware |
| 700 | 1 |aGentleman, Jane F., |d1940- |
| 700 | 1 |aTomiak, Monica. |
| 710 | 2 |aStatistics Canada. |bAnalytical Studies Branch. |
| 775 | 08|tAméliorations apportées au SAS de l'ordinateur central en vue de faciliter l'analyse exploratoire des données |w(CaOODSP)9.847011 |
| 830 | #0|aResearch paper series (Statistics Canada. Analytical Studies Branch)|vno. 24|w(CaOODSP)9.504421 |
| 856 | 40|qPDF|s6.78 MB|uhttps://publications.gc.ca/collections/collection_2017/statcan/11f0019m/CS11-0019-24-eng.pdf |